000 00287nam a22000977a 4500
999 _c8404
_d8405
008 191128b ||||| |||| 00| 0 eng d
245 _aWangchhu water security Index report 2017
260 _aThimphu ;
_bNational Environment Commission,
_c2019.
300 _axiii, 61 p.
_c24 cm.
942 _2ddc